Countries with Endemic Bird Species - Statistics

General Stats
  • This quiz has been taken 20 times
    16 since last reset
  • The average score is 83 of 105
Answer Stats
Hint Answer % Correct
16 Argentina
100%
275 Brazil
100%
1 Cayman Islands (United Kingdom)
100%
13 Chile
100%
77 China
100%
95 Colombia
100%
3 Falkland Islands (United Kingdom)
100%
1 France
100%
1 French Guiana (France)
100%
32 French Polynesia (France)
100%
3 French Southern Territories (France)
100%
1 Guadeloupe (France)
100%
2 Guam (United States)
100%
83 India
100%
557 Indonesia
100%
31 Jamaica
100%
10 Malaysia
100%
1 Martinique (France)
100%
4 Mayotte (France)
100%
127 Mexico
100%
1 Montserrat (United Kingdom)
100%
27 New Caledonia (France)
100%
8 Northern Mariana Islands (United States)
100%
8 Panama
100%
5 Pitcairn Island (United Kingdom)
100%
16 Puerto Rico (United States)
100%
7 Reunion (France)
100%
9 Saint Helena, Ascension Island, and Tristan da Cunha (United Kingdom)
100%
1 South Georgia and the South Sandwich Islands (United Kingdom)
100%
1 United Kingdom
100%
52 United States
100%
56 Venezuela
100%
11 Vietnam
100%
369 Australia
90%
3 Cambodia
90%
4 Christmas Island (Australia)
90%
6 Cook Islands (New Zealand)
90%
9 Costa Rica
90%
30 Cuba
90%
2 Dominican Republic
90%
39 Ecuador
90%
1 Heard Island and McDonald Islands (Australia)
90%
20 Japan
90%
1 Laos
90%
5 Norfolk Island (Australia)
90%
134 Peru
90%
4 Portugal
90%
2 Russia
90%
7 Spain
90%
3 Thailand
90%
1 Barbados
80%
18 Bolivia
80%
17 Democratic Republic of the Congo
80%
2 Dominica
80%
35 Fiji
80%
77 New Zealand
80%
133 Papua New Guinea
80%
270 Philippines
80%
5 Saint Lucia
80%
3 Saint Vincent and the Grenadines
80%
18 South Africa
80%
1 Suriname
80%
30 Taiwan
80%
11 Vanuatu
80%
1 Antigua and Barbuda
70%
8 Bahamas
70%
19 Ethiopia
70%
2 Grenada
70%
1 Haiti
70%
1 Honduras
70%
1 Iran
70%
12 Kenya
70%
12 Myanmar
70%
1 Nepal
70%
13 Palau
70%
34 Sri Lanka
70%
2 Tonga
70%
1 Algeria
60%
19 Angola
60%
21 Federated States of Micronesia
60%
117 Madagascar
60%
10 Mauritius
60%
1 Nauru
60%
1 Nigeria
60%
10 Samoa
60%
28 Sao Tome and Principe
60%
16 Seychelles
60%
39 Tanzania
60%
3 Trinidad and Tobago
60%
1 Uganda
60%
5 Cameroon
50%
5 Cape Verde
50%
24 Comoros
50%
1 Kiribati
50%
1 Namibia
50%
1 Saudi Arabia
50%
72 Solomon Islands
50%
11 Yemen
50%
1 Djibouti
40%
5 Equatorial Guinea
40%
1 Gabon
40%
2 Mozambique
40%
10 Somalia
40%
3 Zambia
40%
1 Malawi
20%
No matching quizzes found
Score Distribution
Percent of People with Each Score
Percentile by Number Answered
Your Score History
You have not taken this quiz since the last reset